00333 a2200097 4500001001000000005001700010008004100027245006000068100001900128773008800147ART_4558720260410161939.0260409a 10aMini-Symposium on reforming the world's monetary system1 aDavidson, Paul0 tJournal of post Keynesian economicsg- Vol. 15, NÂș 2 (dic.1992/mar.1993)wREV26226